000 00376nam a2200133Ia 4500
008 100328s9999 xx 000 0 und d
082 _b31116
100 _aपाठक बा. ल.
245 _aदीपरत्नाकर
260 _bबा.ल.पाठक
630 _aदीपरत्नाकर
730 _aदीपरत्नाकर
942 _cBOOK
999 _c522069
_d522066